000 00201nam a2200097Ia 4500
008 240331s9999 xx 000 0 und d
082 _bJAY
100 _aJayawardena,C
245 0 _aWel palama
942 _cL
999 _c5349
_d5349